| 000 | 00473nam a2200145 4500 | ||
|---|---|---|---|
| 008 | 160125b xxu||||| |||| 00| 0 eng d | ||
| 020 | _a9780133627480 | ||
| 020 | _a0133627489 | ||
| 082 |
_2[2008] _aDK12 363.2507 _bP927 |
||
| 245 |
_aPrentice Hall forensic science : _bstudent handbook. |
||
| 260 |
_aBoston : _bPearson, _c[2008]. |
||
| 300 |
_av, 152 pages : _billustration ; _c28 cm. |
||
| 650 | 0 |
_92240 _aForensic sciences _vStudy and teaching (Middle school) |
|
| 942 |
_2ddc _cDC |
||
| 999 |
_c828 _d828 |
||